000 00297pab a2200121 454500
008 180718b xxu||||| |||| 00| 0 eng d
100 _aLimaye Madhu
245 _aWelter of judicial decisions
362 _a20 Apr 1994, p.8
650 _aJustice, Administration Of
773 _aHindu
909 _a26848
999 _c26848
_d26848